KOHA-Header-6

Project Management 2.0 (Record no. 226)

000 -LEADER
fixed length control field 00315nam a2200121Ia 4500
008 - FIXED-LENGTH DATA ELEMENTS--GENERAL INFORMATION
fixed length control field 190722s9999 xx 000 0 und d
020 ## - INTERNATIONAL STANDARD BOOK NUMBER
International Standard Book Number 978-1-118-99125-1
100 ## - MAIN ENTRY--PERSONAL NAME
Personal name Harold Kerzner
245 #0 - TITLE STATEMENT
Title Project Management 2.0
260 ## - PUBLICATION, DISTRIBUTION, ETC. (IMPRINT)
Place of publication, distribution, etc New York
Name of publisher, distributor, etc International Institute of Learning
Date of publication, distribution, etc 2015
300 ## - PHYSICAL DESCRIPTION
Extent 316
942 ## - ADDED ENTRY ELEMENTS (KOHA)
Koha item type Books
Holdings
Withdrawn status Lost status Damaged status Not for loan Collection code Permanent Location Current Location Shelving location Date acquired Full call number Barcode Date last seen Price effective from Koha item type
        Management MAJU MAJU   2019-07-22 658.404 6852 2019-07-22 2019-07-22 Management

Powered by Koha